A critical account of recent systemic theory /
Saved in:
| 主要作者: | |
|---|---|
| 格式: | Thesis 圖書 |
| 語言: | English |
| 出版: |
1985
|
| 主題: | |
| 標簽: |
添加標簽
沒有標簽, 成為第一個標記此記錄!
|
| LEADER | 00914cam a2200289 4500 | ||
|---|---|---|---|
| 001 | u49946 | ||
| 003 | SIRSI | ||
| 008 | 870410s1985 si v 0 eng | ||
| 015 | |a X860002192 | ||
| 035 | |a AAF-3755 | ||
| 040 | |a UMM | ||
| 050 | 0 | |a P149 | |
| 090 | 0 | 0 | |a P149 |b Als |
| 100 | 1 | 0 | |a Alsagoff, Shariffa Lubna |
| 245 | 1 | 2 | |a A critical account of recent systemic theory / |c Shariffa Lubna Alsagoff |
| 260 | |c 1985 | ||
| 300 | |a 88 leaves : |b ill. ; |c 30cm | ||
| 500 | |a Photocpy | ||
| 502 | |a Dissertation (M.A.) -- National University of Singapore, 1985 | ||
| 504 | 0 | 0 | |a Bibliography: leaves 82-88 |
| 650 | 0 | |a Systemic grammar. | |
| 650 | 0 | |a Structural linguistics | |
| 650 | 0 | |a Grammar, Comparative and general. | |
| 650 | 0 | |a Linguistic analysis (Linguistics) | |
| 948 | |a 16/03/1991 |b 06/11/1996 | ||
| 596 | |a 1 | ||
| 999 | |a P149 ALS |w LC |c 1 |i A010096032 |d 25/5/2008 |e 25/5/2008 |l STACKS |m P01UTAMA |n 7 |r Y |s Y |t TESIS |u 21/1/1992 | ||
